South American Flags - Whammies - Statistics

General Stats
  • This quiz has been taken 246 times
  • The average score is 10 of 12
Answer Stats
Picture Answer % Correct
Argentina
96%
Chile
91%
Brazil
90%
Uruguay
90%
Peru
88%
Colombia
87%
Ecuador
87%
Venezuela
87%
Paraguay
86%
Bolivia
81%
Suriname
80%
Guyana
79%
No matching quizzes found
Score Distribution
Percent of People with Each Score
Percentile by Number Answered
Your Score History
You have not taken this quiz